000 00602nam a2200169 i 4500
001 183541
003 ES-MaACL
005 20250819063112.0
008 140717s1887 fr |||| | fre d
100 1 _aMouchez, Ernest,
_d1821-1892
_9154992
245 1 3 _aLa photographie astronomique à l'Observatoire de Paris et la Carte du Ciel /
_cpar M. le contre-amiral E. Mouchez.
260 _aParis :
_bGauthier-Villars,
_c1887.
300 _a107 p.,7 h. de fot. :
_bil. ;
_c20 cm.
650 0 7 _aFotografía astronómica
_2embne
_912961
852 _aES-MaACL
_jT-595-F-1
999 _c183541
_d183541